Microsoft word 7.0 Hướng dẫn chi tiết Windows 95 & Word 7.0,Hướng dẫn học vi tính
Saved in:
| Main Author: | |
|---|---|
| Format: | Book |
| Language: | Undetermined |
| Published: |
Đồng Nai
Nxb. Đồng Nai
1995
|
| Subjects: | |
| Tags: |
Add Tag
No Tags, Be the first to tag this record!
|
| Institutions: | Trung tâm Học liệu Trường Đại học Cần Thơ |
|---|
| LEADER | 00631nam a2200181Ia 4500 | ||
|---|---|---|---|
| 001 | CTU_4408 | ||
| 008 | 210402s9999 xx 000 0 und d | ||
| 082 | |a 005.437 | ||
| 082 | |b T121 | ||
| 100 | |a Nguyễn Quang Tấn | ||
| 245 | 0 | |a Microsoft word 7.0 | |
| 245 | 0 | |b Hướng dẫn chi tiết Windows 95 & Word 7.0,Hướng dẫn học vi tính | |
| 245 | 0 | |c Nguyễn Quang Tấn | |
| 260 | |a Đồng Nai | ||
| 260 | |b Nxb. Đồng Nai | ||
| 260 | |c 1995 | ||
| 650 | |a programming languages ( electronic computers ),windows ( computer programs ) | ||
| 980 | |a Trung tâm Học liệu Trường Đại học Cần Thơ | ||